00647nam a22002057a 450000500170000001000130001702000110003003500130004103700160005404000120007008200150008224500960009726000550019327000490024830000250029750000510032265000210037365000240039470000230041820170124110025.0 aB-041035 c350.00 aB-041035 bCen Lib/Ret aDPLbEN a610.9bHIS aHistory of medicine in india :cedited by Priya Vrat Sharma bfrom antiquity to 1000 A.D. / aNew Delhi bIndian National Science Academy c1992 bNew Delhi abahadur shah zafar marg e110002 axxi, 527p.c23cm(Hb) aIncludes bibliographical references and index  aMedical science  aHistorical aspects  aSharma, Priya Vrat